| 000 | 00609nam a2200193Ia 4500 | ||
|---|---|---|---|
| 003 | GCL | ||
| 008 | 140319s9999 xx 000 0 ara d | ||
| 040 |
_aGCL / _cGCL |
||
| 082 | 0 | 4 |
_aق _b962.09 _bع م |
| 100 | 1 | _aعبدالعزيز بدر | |
| 245 | 1 | 0 |
_aمصر الحديثة قبل الاحتلال البريطانى و بعدة : _bسلسلة محاضرات / _cعبدالعزيز بدر |
| 260 |
_aالقاهرة : _bمطبعة مصر |
||
| 300 |
_a187 ص ؛ _c16 سم |
||
| 490 | _a | ||
| 650 | 0 | 4 | _aمصر |
| 650 | 0 | 4 | _aالتاريخ |
| 650 | 0 | 4 | _aالتاريخ الحديث |
| 942 |
_2ddc _cBK |
||
| 999 |
_c44378 _d44378 |
||